00549nam a2200205Ia 4500003000400000005001700004008004100021020001700062040000700079041000800086082001900094100004200113245002700155260004600182300001700228365001600245440004000261650002600301650001600327OSt20230518164944.0210423s2012 xx 000 0 und d a978-443-5000 cAL aeng a515 223bDAMM aDAMIANO (David B);FREIJE (Margaret N) aMultivariable calculus aLondonbJones & Bartlett Publishersc2012 axvii,541bHB b5116.8cUSD aInternational series in mathematics aMathematical Analysis aMathematics